[Event "Kuala Lumpur op 7th"]
[Site "Kuala Lumpur"]
[Date "2010.09.05"]
[Round "7"]
[White "Bennett, Hilton Petrie"]
[Black "Munir, Azizi Bin Ahmad"]
[Result "1-0"]
[WhiteElo "1975"]
[BlackElo "1984"]
[PlyCount "110"]
[EventDate "2010.09.01"]
[EventType "swiss"]
[EventRounds "9"]
[EventCountry "MAS"]
[SourceTitle "CBM 138 Extra"]
[Source "ChessBase"]
[SourceDate "2010.10.29"]
[SourceVersion "1"]
[SourceVersionDate "2010.10.29"]
[SourceQuality "1"]

1. e4 e5 2. Nc3 Nc6 3. g3 Bc5 4. Bg2 Nf6 5. Nge2 0-0 6. 0-0 d6 7. Na4 Bb6 8. Nxb6 axb6 9. d4 h6 10. c3 Re8 11. Qd3 Bd7 12. Bd2 Qc8 13. d5 Ne7 14. c4 Ng6 15. Nc3 c6 16. dxc6 bxc6 17. Qxd6 Bh3 18. Qd3 Rd8 19. Qe2 Bxg2 20. Kxg2 Qb7 21. f3 Nd7 22. Be3 Ndf8 23. Qf2 b5 24. cxb5 cxb5 25. Nd5 Ne6 26. a3 Ne7 27. Nxe7+ Qxe7 28. Rfd1 Rdc8 29. Rac1 Rcb8 30. Ra1 Rc8 31. Rdc1 Rd8 32. Qe2 Qb7 33. Rd1 Rdc8 34. Rd5 b4 35. Rb5 Rc2 36. Rxb7 Rxe2+ 37. Bf2 Rxb2 38. a4 Rb3 39. a5 Ra3 40. Rb1 R8xa5 41. R1xb4 Ra2 42. Rb2 Rxb2 43. Rxb2 Kh7 44. Be3 Kg6 45. Kf2 Ra6 46. f4 exf4 47. gxf4 Kf6 48. Kf3 Rc6 49. Rb5 Rc2 50. Rb6 Ke7 51. h4 h5 52. f5 Nd8 53. e5 Rc3 54. Ke4 Rc6 55. Kd5 Kd7 1-0

[Event "Kuala Lumpur op 7th"]
[Site "Kuala Lumpur"]
[Date "2010.09.02"]
[Round "3"]
[White "Hetul, Shah"]
[Black "Munir, Azizi Bin Ahmad"]
[Result "1-0"]
[WhiteElo "1956"]
[BlackElo "1984"]
[PlyCount "93"]
[EventDate "2010.09.01"]
[EventType "swiss"]
[EventRounds "9"]
[EventCountry "MAS"]
[SourceTitle "CBM 138 Extra"]
[Source "ChessBase"]
[SourceDate "2010.10.29"]
[SourceVersion "1"]
[SourceVersionDate "2010.10.29"]
[SourceQuality "1"]

1. c4 c6 2. d4 d5 3. Nf3 Nf6 4. Qc2 dxc4 5. Qxc4 Bf5 6. Nc3 e6 7. g3 Nbd7 8. Bg2 Be7 9. 0-0 0-0 10. Re1 Ne4 11. Qb3 Qb6 12. Nh4 Qxb3 13. axb3 Bb4 14. Nxf5 exf5 15. Bxe4 fxe4 16. Bd2 Rfe8 17. Nxe4 Rxe4 18. Bxb4 Rxd4 19. Bc3 Rd6 20. Red1 Rxd1+ 21. Rxd1 Nf8 22. e4 f6 23. Bb4 Re8 24. f3 Kf7 25. Kf2 g6 26. Bc5 a6 27. Bxf8 Kxf8 28. Rd7 Re7 29. Rd6 Rf7 30. Ke3 Ke7 31. Rd4 Ke6 32. f4 h6 33. Rd8 Rh7 34. Kd4 g5 35. f5+ Ke7 36. Rg8 h5 37. Kc5 Kd7 38. h4 gxh4 39. gxh4 Re7 40. Kd4 c5+ 41. Ke3 Rh7 42. Kf4 Kd6 43. Rg6 Ke7 44. e5 Rf7 45. Rh6 b5 46. Rxh5 a5 47. Rh8 1-0